000 06646nam a22005057a 4500
005 20120213110432.0
010 _aB-475913-936
020 _a9788190904735
_c300.00
035 _aB-475913-936
037 _bब्लूबेरी बुक्स
082 _a
100 _aसक्सेना, राजीव
_951119
245 _aहरितवन में मिकी माउस /
_cराजीव सक्सेना
260 _aदिल्ली
_bप्रतिभा प्रकाशन
_c2011
270 _aआर-2/29, रमेश पार्क, गुरूद्वारा रोड, लक्ष्मी नगर
_bदिल्ली
_e110092
300 _a184पृ.
_c22सेमी (सजिल्द)
_bसचित्र
700 _941659
942 _2ddc
_cCH
_mसक्सेना
_h
999 _c62591
_d62591